000 00298nam a2200121Ia 4500
008 190902s9999||||xx |||||||||||||| ||und||
020 _a0-340-80238-3
100 _aRegina L. Smalley
245 0 _aRefining Composition Skills
260 _aLondon
_bPrentice Hall
_c1995
300 _a494
942 _cBK
999 _c2891
_d2891